DATA STRUCTURES THROUGH C (Record no. 34340)

MARC details
000 -LEADER
fixed length control field 00267nam a22001217a 4500
003 - CONTROL NUMBER IDENTIFIER
control field SGT
082 ## - DEWEY DECIMAL CLASSIFICATION NUMBER
Classification number 005.73,KAN
100 ## - MAIN ENTRY--PERSONAL NAME
Personal name KANETKAR, YASHAVANT
245 ## - TITLE STATEMENT
Title DATA STRUCTURES THROUGH C
260 ## - PUBLICATION, DISTRIBUTION, ETC. (IMPRINT)
Name of publisher, distributor, etc BPB PUBLICATIONS
Year of Publication 1990
300 ## - PAGE DESCRIPTION
No. of Pages 300
942 ## - ADDED ENTRY ELEMENTS (KOHA)
Source of classification or shelving scheme Dewey Decimal Classification
Koha item type Gifted Books
Holdings
Withdrawn status Lost status Source of classification or shelving scheme Damaged status Not for loan Collection code Home library Current library Shelving location Date acquired Vendor Name Cost, normal purchase price SGTU Total Checkouts Full call number Accession No. (Barcode) Date last seen Bill Date Koha item type
    Dewey Decimal Classification     ENGINEERING SGT Engineering Library SGT Engineering Library Text Book 14/03/2026 GIFTED 225.00 SGTU   005.73,KAN FE9512 14/03/2026 14/03/2026 Gifted Books